00285nam a2200121Ia 4500008004100000100000900041245003400050260003700084300000800121650001000129942000700139999001700146190216s9999||||xx |||||||||||||| ||und|| aNull 0aHindi-Thirga Hamara Rashtriya bNew Age International Publishers a136 aHindi cBK c15890d15890